Dibujo básico para estudiantes de ingeniería.

Bibliographic Details
Main Authors: Domenech Torres , José, Antón Socorro, Rafael
Format: Section = Libro
Language:Undetermined
Spanish
Published: La Habana Pueblo y Educación 1976
Subjects:
LEADER 00500nam a2200181Ia 4500
008 240829s9999 xx 000 0 und d
040 |a BIBLIOTECA-RUSB/ 604.2 D668 
041 |a spa 
082 |a 604.2 D668 
100 1 |a Domenech Torres , José  
100 1 |b  Antón Socorro, Rafael 
245 1 0 |a Dibujo básico para estudiantes de ingeniería. 
260 |a La Habana  |b Pueblo y Educación  |c 1976 
300 |a 2246 p. :il. 
650 7 |a DIBUJO TECNICO 
942 |c BK  |2 ddc 
991 |a TEXTO 
999 |c 2628